| 000 | 00820cam a22002651 4500 | ||
|---|---|---|---|
| 999 |
_c20464 _d20464 |
||
| 001 | 7063533 | ||
| 003 | BDDh-ASL | ||
| 005 | 20231015025907.0 | ||
| 008 | 750815s1966 nyu 000 0 eng | ||
| 010 | _a 66001494 | ||
| 035 | _a(OCoLC)1550743 | ||
| 040 |
_aDLC _cF _dOCoLC _dDLC _dBDDh-ASL |
||
| 042 | _apremarc | ||
| 050 | 0 | 0 |
_aBP166.1 _b.W4 1966 |
| 082 |
_a297.09 _bWEM |
||
| 100 | 1 |
_aWensinck, A. J. _q(Arent Jan), _d1882-1939. |
|
| 245 | 1 | 4 |
_aThe Muslim creed: _bits genesis and historical development / |
| 260 |
_aNew York: _bBarnes & Noble _c[1965, i.e. 1966] |
||
| 300 |
_avii, 304 p. _c21 cm. |
||
| 500 | _a"First published 1932." | ||
| 504 | _aBibliography: p. [281]-285. | ||
| 650 | 0 |
_aIslam _xDoctrines _xEarly works to 1800. |
|
| 906 |
_a7 _bcbc _coclcrpl _du _encip _f19 _gy-gencatlg |
||
| 942 |
_2ddc _cBK |
||